| 000 | 00446nam a2200145Ia 4500 | ||
|---|---|---|---|
| 008 | 230917s9999||||xx |||||||||||||| ||und|| | ||
| 040 |
_e173272 _aMAIN |
||
| 041 | _aEnglish | ||
| 082 | _a891.431721 SR92M | ||
| 100 | _aशुक्ल, रामचन्द | ||
| 245 | 0 | _aमधुस्त्रोत | |
| 260 |
_aवाराणसी _bनागरी प्रचारिणी सभा _c1971 |
||
| 300 | _a98 पृ. p. | ||
| 942 | _cHN | ||
| 999 |
_c135268 _d135268 |
||